000 00576nam a2200253Ia 4500
008 160620s9999||||xx |||||||||||||| ||und||
040 _cEnglish
082 _aXVA/
082 _bBORI-18445
100 _aL. Mary Barker
245 _aPears Cyclopaedia
300 _aXii+1200+32
300 _cA
300 _eHardbound
530 _u00018415.pdf
563 _aRef
600 _aL. Mary Barker
630 _aPears Cyclopaedia
650 _aEncyclopedia
650 _aReference
700 _aL. Mary Barker
730 _aPears Cyclopaedia
942 _cBOOK
999 _c1388200
_d1388197